000 00333nam a2200121Ia 4500
008 240731s9999 xx 000 0 und d
022 _a1175-8783
245 0 _aNew Zealand Journal of Crop and Horticultural Science
260 _bTaylor & Francis
856 _uhttps://www.tandfonline.com/loi/tnzc20
942 _2ddc
942 _cTFEJ
999 _c78724
_d78724
945 _a1
_bMadushi Gamage
_c1
_dMadushi Gamage